Catálogo
 En Linea

Arte dominicano joven :. : (Registro nro. 41926)

Detalles MARC
000 -CABECERA
campo de control de longitud fija 00837nam a2200205 a 4500
001 - NÚMERO DE CONTROL
campo de control 000042437
005 - FECHA Y HORA DE LA ÚLTIMA TRANSACCIÓN
campo de control 20201002040145.0
008 - DATOS DE LONGITUD FIJA--INFORMACIÓN GENERAL
campo de control de longitud fija 131202s2009 dr cf 001 0 spa d
020 ## - NÚMERO INTERNACIONAL ESTÁNDAR DEL LIBRO
Número Internacional Estándar del Libro 9789945866766
040 ## - FUENTE DE LA CATALOGACIÓN
Centro catalogador/agencia de origen DO-SdBNP
Lengua de catalogación spa
Centro/agencia transcriptor BNPHU
245 00 - MENCIÓN DE TÍTULO
Título Arte dominicano joven :. :
Resto del título márgenes, género, interacciones y nuevos territorios /
Mención de responsabilidad, etc. editor, Rubén Lamarche; fotografía, Alain Bañon; Cumbre Nazca Saatchi & Saatchi.
260 ## - PUBLICACIÓN, DISTRIBUCIÓN, ETC.
Lugar de publicación, distribución, etc. Santo Domingo, :
Nombre del editor, distribuidor, etc. Fundación AES Dominicana
-- Casa de Teatro,
Fecha de publicación, distribución, etc. 2009.
300 ## - DESCRIPCIÓN FÍSICA
Extensión 248 p. :
Otras características físicas retrs., lam. ;
Dimensiones 29 cm.
500 ## - NOTA GENERAL
Nota general Incluye bibliografías
500 ## - NOTA GENERAL
Nota general Una publicación de Cumbre Nazca Saatchi & Saatchi
500 ## - NOTA GENERAL
Nota general Incluye índice onomástico
710 1# - PUNTO DE ACCESO ADICIONAL--NOMBRE DE ENTIDAD CORPORATIVA
Nombre de entidad corporativa o nombre de jurisdicción como elemento de entrada Cumbre Nazca Saatchi & Saatchi
9 (RLIN) 69583
700 1# - PUNTO DE ACCESO ADICIONAL--NOMBRE DE PERSONA
Nombre de persona Lamarche, Rubén
Numeración ed.
9 (RLIN) 69584
700 1# - PUNTO DE ACCESO ADICIONAL--NOMBRE DE PERSONA
Nombre de persona Bañon, Alain
Término indicativo de función/relación fot.
9 (RLIN) 69585
Existencias
Estado de retiro Estado de pérdida No para préstamo Código de colección Localización permanente Ubicación/localización actual Ubicación en estantería Fecha de adquisición Número de inventario Total de préstamos Signatura topográfica completa Código de barras Fecha visto por última vez Precio válido a partir de Tipo de ítem Koha
    Excluido de préstamo Patrimonio Dominicano Patrimonio Dominicano Patrimonio Dominicano En catalogación 02.12.2013 LF1   42437-10 25.06.2020 25.06.2020 Libro y Folleto Colección Patrimonio Dominicano

Con tecnología Koha